000 00994pam a22003132 4500
001 22597
003 BD-RjUL
005 20211209000827.0
008 140308s1983 nyuac 001 0aeng
020 _a0393018229
035 _a(BD-RjUL)22662
040 _aDLC
_cDLC
_dBD-RjUL
_dBD-RjUL
_beng
041 _aeng
082 0 _a973.918922
_219
_bDEA 1983
100 1 _aTruman, Harry S.,
_d1884-1972.
_969762
245 1 0 _aDear Bess :
_bthe letters from Harry to Bess Truman, 1910-1959 /
_cedited by Robert H. Ferrell.
250 _a1st ed.
260 _aNew York :
_bNorton,
_cc1983.
300 _axii, 593 p. :
_bill., ports. ;
_c24 cm.
504 _aIncludes index.
600 1 0 _aTruman, Harry S.,
_d1884-1972.
_9236049
600 1 0 _aTruman, Bess Wallace.
_9236050
650 0 _aPresidents
_zUnited States
_xCorrespondence.
_969765
700 1 _aTruman, Bess Wallace.
_9236050
700 1 _aFerrell, Robert H.
_9236051
942 _2ddc
_cBK
999 _c22597
_d22597